00782nam a2200193 i 450000100060000000300090000600500170001500700030003200800410003510000350007624501090011126000720022030000290029265000400032170000560036185200320041799900170044995201220046666220ES-MaACL20250814221004.0t|040129s1972 sp ||||1| spa d1 aGalán Galindo, Angel.95330210aIntroducción a las cajas de ahorros / cpor Angel Galán Galindo y José Manuel González Páramo. aMadrid : bConfederación Española de Cajas de Ahorros, c[1972] a166 p., graf. ; c22 cm. 4aCajas de ahorros-zEspaña.9106651 aGonzález Páramo, José Manuel, d1927-9152414 aES-MaACLjC-43774 bR.82714 c66220d66220 00104070aATENEOMbATENEOMcDEPO2d2008-01-17eSCl0oC-43774p1069378r2023-02-23 00:00:00w2023-02-23yMONOGRAFIA